| 000 | 00644nam a2200205Ii 4500 | ||
|---|---|---|---|
| 003 | JO-AjNU | ||
| 008 | 230605s9999||||xx |||||||||||||| ||und|| | ||
| 040 |
_aJO-AjNU _bara _erda _cJO-AjNU |
||
| 041 | _aara | ||
| 050 | 1 | 4 | _aBP165.5.F82 2004 |
| 100 | 3 |
_aفودة، سعيد عبد اللطيف, _eauthor _911830 |
|
| 245 | 0 | 0 | _aبحوث في علم الكلام |
| 250 | _aط1 | ||
| 264 | 3 | 1 | _aعمان: دار الرازي للطباعة والنشر، 2004 |
| 300 | _a143ص | ||
| 336 |
_atext _btxt _2rdacontent |
||
| 337 |
_aunmediated _bn _2rdamedia |
||
| 338 |
_avolume _bnc _2rdacarrier |
||
| 650 | 4 |
_aعلم الكلام- بحوث _911831 |
|
| 999 |
_aA2525 _c6093 _d6093 |
||